|
|
|
|
| LEADER |
00000nab a22000007a 4500 |
| 005 |
20160331140340.0 |
| 008 |
160105b2007 cr f|||| |||| 00| 0 spa d |
| 090 |
|
|
|a REVIS 06.02.01
|
| 100 |
1 |
|
|9 1229
|a Garbanzo Vargas, Guiselle María
|
| 245 |
1 |
0 |
|a Calidad y equidad de la Educación Superior Pública. Aspectos por considerar en su interpretación /
|c Guiselle María Garbanzo Vargas
|
| 260 |
|
|
|a San José, Costa Rica :
|b Editorial Universidad de Costa Rica,
|c 2007
|
| 300 |
|
|
|a páginas 11 - 27
|
| 520 |
|
|
|a El presente artículo contempla una revisión sobre los principales indicadores por considerar en la búsqueda de la calidad de la Educación Superior Pública, que, a criterio de la autora, son fundamentales en la toma de decisiones y en los procesos analíticos en el que hoy está inmerso este sector educativo. Se retoman también aspectos como la evaluación y la equidad educativa, como elementos subyacentes a la calidad de la educación superior pública, a la cual le ha tocado sobrevivir hoy en un mercado internacional competitivo, consecuencia de los cambios sociales, culturales y económicos que, en gran escala, se han dado; situación que está fuera del control de las universidades
|
| 650 |
1 |
4 |
|9 1
|a EDUCACIÓN
|
| 773 |
0 |
|
|d San José, Costa Rica : Editorial de la Universidad de Costa Rica, 1997-
|o R0309
|t EDUCACIÓN: Revista de la Universidad de Costa Rica
|g Vol.31, no.1 (2007)
|
| 942 |
|
|
|h REVIS 06.02.01
|2 z
|c 10
|
| 999 |
|
|
|c 2994
|d 2994
|